000
00290nam a22001337a 4500
008
170907b xxu||||| |||| 00| 0 eng d
020
_a
9780131756953
041
_a
eng
080
_a
91
100
_a
42
101
_a
GEO
245
_a
GLOBALIZATION DIVERSITY
_c
LEWIS.R
942
_2
udc
_c
BK
999
_c
26651
_d
26651